| 000 | 00696cam a2200205 i 4500 | ||
|---|---|---|---|
| 003 | IT-RoINE | ||
| 005 | 20220927143850.0 | ||
| 008 | 110412s1935 sp a r 000 | spa d | ||
| 040 |
_aDEUSTO. _cIT-RoINE _dIT-RoINE |
||
| 100 | 1 |
_aCuadrado Tapia, Ricardo, _cS.I. _968189 |
|
| 245 | 1 | 3 |
_aLa asistencia a la misa diaria : _bexposición dogmática y litúrgica / _cpor el P. Ricardo Cuadrado, S.J. |
| 260 |
_aMadrid : _bApostolado de la Prensa, _c1935. |
||
| 300 |
_a233 p., [13] h. de lám. : _bil. ; _c16 cm. |
||
| 336 |
_2rdacontent _atext |
||
| 337 |
_2rdamedia _aunmediated |
||
| 338 |
_2rdacarrier _avolume |
||
| 650 | 0 |
_aMisa _xCelebración _91990 |
|
| 650 | 4 |
_aLiturgia _92982 |
|
| 942 | _cMTS | ||
| 999 |
_c34652 _d34652 |
||